مكتبة جامعة عجلون الوطنية

فهرس بحث المكتبة

Normal view MARC view
  • أورلوف،فرد بي تأليف/السرطاوي،عبد العزيز مترجم/خشان،أيمن إبراهيم مترجم/أبو جودة،وائل موسى تحرير

Entry Personal Name

Number of records used in: 1

001 - CONTROL NUMBER

  • control field: 22756

003 - CONTROL NUMBER IDENTIFIER

  • control field: JO-AjAnu

005 - DATE AND TIME OF LATEST TRANSACTION

  • control field: 20230606073925.0

008 - FIXED-LENGTH DATA ELEMENTS

  • fixed length control field: 230606|| aca||aabn | a|a d

040 ## - CATALOGING SOURCE

  • Original cataloging agency: JO-AjAnu
  • Transcribing agency: JO-AjAnu

100 ## - HEADING--PERSONAL NAME

  • Personal name: أورلوف،فرد بي تأليف/السرطاوي،عبد العزيز مترجم/خشان،أيمن إبراهيم مترجم/أبو جودة،وائل موسى تحرير

670 ## - SOURCE DATA FOUND

  • Source citation: Work cat.: (JO-AjAnu)11695: أورلوف،فرد بي تأليف/السرطاوي،عبد العزيز مترجم/خشان،أيمن إبراهيم مترجم/أبو جودة،وائل موسى تحرير, author, تربية الأطفال ذوي الإعاقات المتعددة، الإتجاه شمولي الإختصاصات